Ajustando Esquipulas II /

Esquipulas II se ha convertido en un proyecto muy diferente de lo que se esperaba de él, los presidentes del área se han encargado de ello, los que esperaban que Esquipulas II se convirtiera en una salida centroamericana a los problemas del área, han visto con desencanto el rumbo que ha tomado este...

詳細記述

保存先:
書誌詳細
第一著者: Sojo Obando, Carlos 1964 - 2014
フォーマット: 図書
言語:Spanish
主題:
タグ: タグ追加
タグなし, このレコードへの初めてのタグを付けませんか!

MARC

LEADER 00000nam a22000007a 4500
003 cru CIDCACS/IIS
005 20231109111207.0
007 ta
008 170427s1989 cr ||||| |||| 00| 0 spa d
040 |c CRAI/IIS  |a CRAI/IIS 
100 1 |a Sojo Obando, Carlos  |d 1964 - 2014  |9 4428 
245 1 |a Ajustando Esquipulas II /  |c Carlos Sojo Obando 
300 |a páginas 15-22 
520 |a Esquipulas II se ha convertido en un proyecto muy diferente de lo que se esperaba de él, los presidentes del área se han encargado de ello, los que esperaban que Esquipulas II se convirtiera en una salida centroamericana a los problemas del área, han visto con desencanto el rumbo que ha tomado este proyecto de pacificación, democratización e integración regional. Los presidentes han tenido muchas diferencias, algunos como Arias, ve en Esquipulas un logro personal y se olvida que es gracias a la unión y acuerdo mutuo que se logró iniciar este proyecto; por su parte Estados Unidos es el más tranquilo, ya que el giro tomado por Esquipulas es favorable a sus intereses. El artículo analiza cómo puede afectar a la región centroamericana el acuerdo bipartidista llevado a cabo en los Estados Unidos, otra muestra clara del desacuerdo existente entre los gobiernos centroamericanos, es el asunto referente al Parlamento centroamericano, donde el gobierno de Costa Rica es el que menos de acuerdo ha estado. OB/JM 
650 0 |9 370  |a POLITICA EXTERIOR 
650 4 |9 3229  |a PLANES DE PAZ 
650 4 |9 1934  |a MILITARISMO 
650 4 |9 1937  |a GUERRA CIVIL 
650 1 0 |9 306  |a ELECCIONES 
650 4 |9 1849  |a DEMOCRATIZACION 
650 1 0 |9 381  |a INTEGRACION REGIONAL 
651 1 0 |9 32  |a COSTA RICA 
773 0 |0 19245  |9 689  |a Centro de Estudios para la Acción Social  |d San José, Costa Rica: CEPAS  |o 04662  |t Costa Rica: 
942 |2 ddc  |c PP 
999 |c 19248  |d 19248